Il Fiume Nero Dell'anima

Wedi'i Gadw mewn:
Manylion Llyfryddiaeth
Prif Awdur: Dean Koontz
Fformat: Llyfr
Iaith:anh
Cyhoeddwyd: Sperling Paperback
Tagiau: Ychwanegu Tag
Dim Tagiau, Byddwch y cyntaf i dagio'r cofnod hwn!

MARC

LEADER 00000nam a2200000Ia 4500
001 R-642
003 CODICE-MESSINA
005 20260212102455.0
008 260211s9999 xx 000 0 und d
040 |c importazione_messina 
100 |a Dean Koontz 
245 0 |a Il Fiume Nero Dell'anima 
260 |b Sperling Paperback 
942 |2 ddc  |c BK 
952 |0 0  |1 0  |2 ddc  |4 0  |6 SCAFFALE_6_000000000000000__ROMANZI  |7 0  |9 31464  |a ME  |b ME  |d 2026-02-11  |l 0  |o SCAFFALE 6 - ROMANZI  |p R-642  |r 2026-02-11 23:52:34  |w 2026-02-11  |x [REVISIONARE]  |y BK 
999 |c 27129  |d 27129